| 000 | 04761cam a2200517 i 4500 | ||
|---|---|---|---|
| 001 | 22130718 | ||
| 003 | JO-AjAnu | ||
| 005 | 20231127105420.0 | ||
| 008 | 210713t20202020onca b 000 0 eng | ||
| 010 | _a 2020446471 | ||
| 015 |
_a20200252631 _2can |
||
| 020 |
_a9781487506025 _q(cloth) |
||
| 020 |
_a1487506023 _q(cloth) |
||
| 020 |
_z9781487533137 _q(pdf) |
||
| 020 |
_z9781487533144 _q(epub) |
||
| 035 | _a(OCoLC)on1146573517 | ||
| 040 |
_aNLC _beng _cYDX _erda _dOCLCQ _dNLC _dOCLCF _dYDX _dGUA _dOCLCO _dEMU _dDLC _dJO-AjAnu |
||
| 042 |
_alac _apcc |
||
| 050 | 0 | 0 |
_aHG173 _b.T38 2020 |
| 082 | 0 | 4 |
_a332.1 _223 |
| 084 |
_acci1icc _2lacc |
||
| 245 | 0 | 4 |
_aThe technological revolution in financial services : _bhow banks, fintechs, and customers win together / _cedited by Michael R. King and Richard W. Nesbitt ; foreword by Paul Desmarais III. |
| 264 | 1 |
_aToronto ; _aBuffalo ; _aLondon : _bUniversity of Toronto Press, _c[2020] |
|
| 264 | 4 | _c©2020 | |
| 300 |
_axviii, 424 pages : _billustrations ; _c24 cm |
||
| 336 |
_atext _btxt _2rdacontent |
||
| 337 |
_aunmediated _bn _2rdamedia |
||
| 338 |
_avolume _bnc _2rdacarrier |
||
| 504 | _aIncludes bibliographical references (varied pages). | ||
| 505 | 0 | _aFinancial Technologies and the Disruption of Financial Services / R. Jesse McWaters -- The Economic Forces Driving Fintech Adoption across Countries / Jon Frost -- Banking and Finance since the Global Financial Crisis / Tiff Macklem -- Data and Privacy in the Next Decade / Brian O'Donnell -- How "Open" Is the Future of Banking? Data Sharing and Open Data Frameworks in Financial Services / Markos Zachariadis -- The Impact of Banking Regulation on Technological Innovation / Gregory P. Wilson -- The Competitive Threat from Techfins and Bigtech in Financial Services / Michael R. King -- Creating Strategic Value by Partnering with or Acquiring Fintechs / Jay Wilson -- A Fintech Founder's Perspective on the Future of Financial Services / Andrew Graham -- How the Global Asset-Management Industry Will Change / Richard W. Nesbitt and Satwik Sharma -- How the Global Asset-Management Industry Will Change / Richard W. Nesbitt and Satwik Sharma -- Treasury and Technology / Peter Levitt and Tom McGuire -- Technology and Reimagining the Future of Housing / Evan Siddall and Vicki Martin -- The Business Case for Gender Diversity in Financial Services / Brenda Trenowden -- Bank Strategy and Innovation Utilizing Technology / Richard W. Nesbitt. | |
| 520 |
_a"The financial services industry is being transformed by heightened regulation, technological disruption, and changing demographics. These structural forces have lowered barriers to entry, increasing competition from within and outside the industry. While this industry is continuously evolving, the speed and breadth of changes over the past decade have been unprecedented. The new entrants in financial services range from entrepreneurial FinTech start-ups to large, non-financial technology-based companies (TechFins and BigTech). While some new entrants may be looking to replace incumbents, others are motivated to partner with them. This increased competition is forcing the financial incumbents to improve their product offerings and customer service. This edited volume outlines the strategic implications for financial services firms in North America, Europe, and other advanced economies. The most successful banks, insurance companies, and asset managers will partner with financial technology (FinTech) companies to provide a better and more innovative experience to retail customers and small businesses. Ultimately this technological revolution will benefit customers and lead to a more open and inclusive financial system."-- _cProvided by publisher. |
||
| 530 | _aIssued also in electronic format. | ||
| 650 | 0 |
_aFinancial services industry _xTechnological innovations. |
|
| 650 | 0 |
_aFinancial institutions _xTechnological innovations. |
|
| 650 | 0 |
_aFinance _xTechnological innovations. |
|
| 650 | 7 |
_aFinance _xTechnological innovations. _2fast _0(OCoLC)fst00924426 |
|
| 650 | 7 |
_aFinancial institutions _xTechnological innovations. _2fast _0(OCoLC)fst00924698 |
|
| 650 | 7 |
_aFinancial services industry _xTechnological innovations. _2fast _0(OCoLC)fst00924777 |
|
| 700 | 1 |
_aKing, Michael R. _q(Michael Robert), _d1967- _eeditor. |
|
| 700 | 1 |
_aNesbitt, Richard, _d1955- _eeditor. |
|
| 700 | 1 |
_aDesmarais III, Paul, _ewriter of foreword. |
|
| 776 | 0 | 8 |
_iOnline version: _tTechnological revolution in financial services. _dToronto ; Buffalo ; London : University of Toronto Press, 2020 _z1487533144 _z9781487533144 _w(OCoLC)1154313209 |
| 906 |
_a7 _bcbc _ccopycat _d3 _encip _f20 _gy-gencatlg |
||
| 942 |
_2lcc _cBK _n0 |
||
| 999 |
_c33155 _d33155 |
||